Logo BPK

Biblioteka

Politechniki Koszalińskiej

Współczesne metody konstrukcji i technologii elementów uzębionych : (Rekord nr 32564)

Szczegóły MARC
000 -ETYKIETA REKORDU
podpole kontrolne o stałej długości 01055nam a2200253 i 4500
001 - NUMER KONTROLNY REKORDU
pole kontrolne bg
020 ## - MIĘDZYNARODOWY ZNORMALIZOWANY NUMER KSIĄŻKI - ISBN
ISBN 8390894904
040 ## - ŹRÓDŁO KATALOGOWANIA
Instytucja, która utworzyła rekord BPK
041 0# - KOD JĘZYKA
Kod języka tekstu enpl
Kod języka streszczenia lub abstraktu en
080 ## - UNIWERSALNA KLASYFIKACJA DZIESIĘTNA - UKD
UKD 621.9:621.82/.85](061.3)
920 ## - Międzynarodowy znormalizowany numer książki – ISBN
ISBN 83-908949-0-4
008 - POLE O STAŁEJ DŁUGOŚCI - DANE KONTROLNE
podpole kontrolne o stałej długości s pl f |000 0 pol
245 00 - TYTUŁ/ODPOWIEDZIALNOŚĆ
Tytuł Współczesne metody konstrukcji i technologii elementów uzębionych :
Ciąg dalszy tytułu III [trzecia] Konferencja Naukowo-Techniczna Łódź-Arturówek, 24-25. /
Pozostałe elementy strefy tytułu i oznaczenia odpowiedzialności org. Instytut Obrabiarek i Technologii Budowy Maszyn Politechniki Łódzkiej, Zarząd Główny Stowarzyszenia Inżynierów i Techników Mechaników Polskich SIMP ; kom. nauk. Andrzej Ciszewski [et al.]
Oznaczenie części/sekcji dzieła 1.
-- 7 r.
260 ## - STREFA ADRESU WYDAWNICZEGO
Miejsce wydania Łódź :
Nazwa wydawcy/dystrybutora IOiTBM PŁ,
Data publikacji, dystrybucji/powstania dokumentu 1997.
300 ## - STREFA OPISU FIZYCZNEGO
Objętość 212 s. :
Inne cechy fizyczne fot., rys., wykr. ;
Rozmiary 23 cm.
500 ## - UWAGI OGÓLNE
Tekst uwagi Tekst część. w jęz. pol. i ang.
504 ## - UWAGA DOTYCZĄCA BIBLIOGRAFII
Informacje o bibliografii Bibliogr., summ. przy ref. - Wykaz publikacji s. 199-212.
650 #9 - HASŁO PRZEDMIOTOWE W FORMIE NAZWY OGÓLNEJ LUB JEDNOSTKOWEJ
Nazwa ogólna lub geograficzna Skrawanie
650 #9 - HASŁO PRZEDMIOTOWE W FORMIE NAZWY OGÓLNEJ LUB JEDNOSTKOWEJ
Nazwa ogólna lub geograficzna Przekładnie
650 #9 - HASŁO PRZEDMIOTOWE W FORMIE NAZWY OGÓLNEJ LUB JEDNOSTKOWEJ
Nazwa ogólna lub geograficzna Koła zębate
655 ## - TERMIN INDEKSOWY - OKREŚLENIE RODZAJU/FORMY DOKUMENTU
Określenie rodzaju/formy dokumentu Materiały konferencyjne
700 1# - HASŁO DODATKOWE - NAZWA OSOBOWA
Nazwa osobowa CISZEWSKI, Andrzej.
Określenie związku między hasłem a opisywanym materiałem Red.
856 ## - LOKALIZACJA I DOSTĘP DO ELEKTRONICZNYCH DOKUMENTÓW ZDALNYCH
Link (URL) http://koha.tu.koszalin.pl/cgi-bin/koha/opac-detail.pl?biblionumber=32564
Tekst linku Katalog online BPK
942 ## - DODATKOWE ELEMENTY (KOHA)
Typ dokumentu Książka
Egzemplarze
Wycofany Status egzemplarza Uszkodzony Dostępność Lokalizacja stała Lokalizacja bieżąca Miejsce przechowywania Sygnatura Kod kreskowy Typ dokumentu
      Dostępny Biblioteka Politechniki Koszalińskiej Biblioteka Politechniki Koszalińskiej Wypożyczalnia BG 41730 01295436 Książka
© 2023 Biblioteka Politechniki Koszalińskiej :: KOHA